[Event "British Columbia-ch Senior"]
[Site "Surrey"]
[Date "2018.06.24"]
[Round "5.4"]
[White "Swett, Graham"]
[Black "Monkhouse, Neale"]
[Result "1/2-1/2"]
[WhiteElo "1997"]
[BlackElo "1800"]
[PlyCount "83"]
[EventDate "2018.06.22"]
[EventType "swiss"]
[EventRounds "5"]
[EventCountry "CAN"]
[SourceTitle "EXT 2022"]
[Source "ChessBase"]
[SourceDate "2021.10.06"]
[SourceVersion "1"]
[SourceVersionDate "2021.10.06"]
[SourceQuality "1"]

1. e4 c5 2. Nf3 Nc6 3. g3 g6 4. Bg2 Bg7 5. d3 d6 6. 0-0 Rb8 7. Nbd2 e5 8. a3 Nge7 9. c3 0-0 10. Nh4 Be6 11. f4 Qd7 12. f5 gxf5 13. exf5 Nxf5 14. Nxf5 Bxf5 15. Rxf5 Qxf5 16. Be4 Qe6 17. Nf3 h6 18. c4 Ne7 19. Nh4 f5 20. Bg2 Kh7 21. Bd2 b6 22. Kh1 Rbd8 23. Qh5 Qf7 24. Qe2 Kh8 25. Rf1 Qf6 26. Qh5 Qf7 27. Qe2 Qe8 28. Bf3 Qd7 29. Qg2 Rf6 30. Re1 Rdf8 31. Qh3 Qe8 32. Ng2 Kg8 33. Ne3 Qc8 34. Nd5 Nxd5 35. Bxd5+ Kh7 36. Qh4 Qd8 37. Bg5 Qe8 38. Bxf6 Bxf6 39. Qh3 Qg6 40. Rf1 Qg4 41. Qxg4 fxg4 42. b3 1/2-1/2

[Event "British Columbia-ch Seniors"]
[Site "Victoria"]
[Date "2017.06.17"]
[Round "3.4"]
[White "Monkhouse, Neale"]
[Black "Patterson, Roger"]
[Result "0-1"]
[WhiteElo "1845"]
[BlackElo "2161"]
[PlyCount "78"]
[EventDate "2017.06.16"]
[EventType "swiss"]
[EventRounds "5"]
[EventCountry "CAN"]
[SourceTitle "EXT 2022"]
[Source "ChessBase"]
[SourceDate "2021.10.06"]
[SourceVersion "1"]
[SourceVersionDate "2021.10.06"]
[SourceQuality "1"]

1. e4 e5 2. Nf3 Nc6 3. Bc4 Bc5 4. c3 Nf6 5. d3 a6 6. Bb3 d6 7. Nbd2 Be6 8. Nf1 d5 9. Qe2 0-0 10. h3 h6 11. Ng3 Re8 12. 0-0 Qd7 13. Bc2 b5 14. b3 Rad8 15. Bb2 dxe4 16. dxe4 Bxh3 17. Rfd1 Qe6 18. gxh3 Qxh3 19. Nf5 Ng4 20. Ne3 Re6 21. Rxd8+ Nxd8 22. Nxg4 Qxg4+ 23. Kf1 Rf6 24. Bd1 Ne6 25. Bc1 Nf4 26. Bxf4 Rxf4 27. Qd3 Qh3+ 28. Ke1 Qg2 29. Kd2 Qxf2+ 30. Be2 Rf6 31. Rf1 Qg3 32. Qd8+ Bf8 33. Qxc7 Qf4+ 34. Kc2 Qe3 35. Bd1 Qxe4+ 36. Kb2 Qd3 37. Rg1 Rxf3 38. Bxf3 Qxf3 39. Qb6 Qe2+ 0-1

[Event "British Columbia-ch Seniors"]
[Site "Victoria"]
[Date "2017.06.16"]
[Round "1.5"]
[White "Monkhouse, Neale"]
[Black "MacDonell, Paul"]
[Result "1-0"]
[WhiteElo "1845"]
[BlackElo "1453"]
[PlyCount "53"]
[EventDate "2017.06.16"]
[EventType "swiss"]
[EventRounds "5"]
[EventCountry "CAN"]
[SourceTitle "EXT 2022"]
[Source "ChessBase"]
[SourceDate "2021.10.06"]
[SourceVersion "1"]
[SourceVersionDate "2021.10.06"]
[SourceQuality "1"]

1. e4 d5 2. exd5 Qxd5 3. d4 Nc6 4. Nf3 Bg4 5. Be2 Bxf3 6. Bxf3 Qd7 7. 0-0 0-0-0 8. c3 Nf6 9. Bf4 e6 10. Nd2 Nd5 11. Bg3 Bd6 12. Bxd6 cxd6 13. a4 Nc7 14. b4 d5 15. Nb3 Qd6 16. b5 Nb8 17. Qc2 b6 18. c4 Kd7 19. c5 Qf4 20. Rfc1 Rc8 21. Qd3 Na8 22. a5 bxc5 23. dxc5 a6 24. Bxd5 exd5 25. Qxd5+ Ke7 26. Re1+ Kf6 27. Re4 1-0

[Event "Canadian op"]
[Site "Fredericton"]
[Date "1977.07.24"]
[Round "2"]
[White "Monkhouse, Neale"]
[Black "Mayer, Steven F"]
[Result "0-1"]
[WhiteElo "1779"]
[BlackElo "1231"]
[PlyCount "50"]
[EventDate "1977.07.23"]
[EventType "swiss"]
[EventRounds "10"]
[EventCountry "CAN"]
[SourceTitle "EXT 2022"]
[Source "ChessBase"]
[SourceDate "2021.10.06"]
[SourceVersion "1"]
[SourceVersionDate "2021.10.06"]
[SourceQuality "1"]

1. e4 e5 2. Nf3 Nc6 3. Bc4 g6 4. d3 Bg7 5. Nc3 Nf6 6. Bg5 d6 7. h3 Na5 8. Qd2 Nxc4 9. dxc4 0-0 10. 0-0-0 Be6 11. b3 a5 12. Qe3 a4 13. Nxe5 axb3 14. cxb3 c6 15. Nxc6 bxc6 16. e5 Qa5 17. exf6 Qa3+ 18. Kd2 Qb2+ 19. Ke1 Rfe8 20. Qc1 Bxc4+ 21. Be3 Rxe3+ 22. Qxe3 Bh6 23. Qf3 Re8+ 24. Ne4 Rxe4+ 25. Qxe4 Qc3+ 0-1